Special relativity /

Guardado en:
Autor Principal: Woodhouse, N. M. J. 1949-
Formato: Libro
Idioma:English
Publicado: London : Springer, c2003.
Series:Springer undergraduate mathematics series,
Materias:
Acceso en línea:Google Book Search
Etiquetas: Agregar Etiqueta
Sin Etiquetas, Sea el primero en etiquetar este registro!
LEADER 00831cam a22002294a 4500
001 MAT.inmabb003983
008 020918s2003####enka#####b####001#0#eng##
005 20130313142622.0
245 1 0 |a Special relativity /  |c N.M.J. Woodhouse. 
260 |a London :  |b Springer,  |c c2003. 
300 |a ix, 191 p. :  |b il. ;  |c 24 cm. 
440 0 |a Springer undergraduate mathematics series,  |x 1615-2085 
504 |a Incluye referencias bibliográficas (p. 187-188) e índice. 
510 4 |a MR,  |c 2004c:83008 
020 |a 1852334266 
100 1 |a Woodhouse, N. M. J.  |q (Nicholas Michael John),  |d 1949- 
650 0 |a Special relativity (Physics) 
084 |a 83A05 (70H40)  |2 msc2000 
010 |a  2002190890 
040 |a DLC  |c DLC  |d DLC 
856 4 1 |u http://books.google.com/books?isbn=1852334266  |y Google Book Search 
859 |h 83  |i W889  |p A-8394  |b BIB. MATEMATICA